00895nam a2200229 i 4500001000300000003000400003005001700007008003900024015001800063020001500081040001400096080001700110100003700127245022600164246002100390260003300411300002100444500005700465650003200522655001300554856009800567bgBPK20210825145543.0970510s1994 pl f |000 0 pol aPB 1994/10509 a8390142015 aWA NcBPK a349.442(438)1 aKorzeniewski, WładysławeAutor10aPoradnik stosowania prawa budowlanego :bzawiera tekst ustawy z dnia 7 lipca 1994 r. wraz z komentarzem /cWładysław Korzeniewski ; Polskie Towarzystwo Ekonomiczne. Oddział Zakład Szkolenia Ekonomicznego w Koszalinie.14aPrawo budowlane. aKoszalin :bPTE OZSE,c1994. a151 s. ;c21 cm. aTyt. okł. : Prawo budowlane - przepisy i komentarz. 4aBudownictwoxprawozPolska. 4aPoradnik uhttp://koha.tu.koszalin.pl/cgi-bin/koha/opac-detail.pl?biblionumber=30912yKatalog online BPK